|
|
|
|
| LEADER |
00000nam0a2200000 4500 |
| 001 |
352796 |
| 005 |
20231102010531.0 |
| 035 |
|
|
|a (RuTPU)RU\TPU\retro\9597
|
| 090 |
|
|
|a 352796
|
| 100 |
|
|
|a 20200206d1986 k y0engy50 ba
|
| 101 |
0 |
|
|a eng
|
| 102 |
|
|
|a GB
|
| 105 |
|
|
|a a z 000zy
|
| 200 |
1 |
|
|a Description of Tensile Tests of Iron and Steel Bars
|f Bennett
|g Institution of Mechanical Engineers
|
| 210 |
|
|
|a [S. l.]
|c [s. n.]
|d 1886
|
| 215 |
|
|
|a 123 p.
|c il.
|
| 225 |
1 |
|
|a Institution of Mechanical Engineers. Proceedings
|v Feb. 1886
|
| 300 |
|
|
|a The title is indicated on the spine.
|
| 541 |
1 |
|
|a Описание испытаний на растяжение железных и стальных слитков
|z rus
|e Труды Института инженеров-механиков
|h фев., 1886
|
| 606 |
1 |
|
|a Металлография
|2 stltpush
|3 (RuTPU)RU\TPU\subj\42415
|9 62082
|
| 610 |
1 |
|
|a материалы
|
| 610 |
1 |
|
|a железо
|
| 610 |
1 |
|
|a сталь
|
| 610 |
1 |
|
|a стержни
|
| 610 |
1 |
|
|a растяжение
|
| 610 |
1 |
|
|a свойства
|
| 610 |
1 |
|
|a испытания
|
| 610 |
1 |
|
|a тестирование
|
| 610 |
1 |
|
|a устройства
|
| 610 |
1 |
|
|a параметры
|
| 610 |
1 |
|
|a гидравлические упоры
|
| 610 |
1 |
|
|a чертежи
|
| 610 |
1 |
|
|a диаграммы
|
| 610 |
1 |
|
|a автографические аппараты
|
| 610 |
1 |
|
|a английский язык
|
| 675 |
|
|
|a 620.18
|v 4
|
| 700 |
|
1 |
|a Bennett
|
| 712 |
0 |
2 |
|a Institution of Mechanical Engineers
|2 stltpush
|3 (RuTPU)RU\TPU\col\27377
|
| 801 |
|
1 |
|a RU
|b 63413507
|c 20200206
|
| 801 |
|
2 |
|a RU
|b 63413507
|c 20200722
|g RCR
|
| 942 |
|
|
|c BK
|